म्हाताऱ्याला आलं बाळस (Record no. 954663)

MARC details
000 -LEADER
fixed length control field 00390nam a2200121Ia 4500
008 - FIXED-LENGTH DATA ELEMENTS--GENERAL INFORMATION
fixed length control field 151001s9999||||xx |||||||||||||| ||und||
100 ## - MAIN ENTRY--PERSONAL NAME
Personal name शंकर मल्हार देशपांडे
245 ## - TITLE STATEMENT
Title म्हाताऱ्याला आलं बाळस
250 ## - EDITION STATEMENT
Edition statement 1
260 ## - PUBLICATION, DISTRIBUTION, ETC. (IMPRINT)
Name of publisher, distributor, etc भारतीय प्रकाशन संस्था
300 ## - PHYSICAL DESCRIPTION
Extent 84
365 ## - TRADE PRICE
Price amount 7

No items available.